000 00346cam a22001217a 4500
008 180718b1983 xxu||||| |||| 00| 0 eng d
082 _aQ8x5451 R18
100 _aRao, P. Kamalakara
245 _aProfessional crime in India
_cby P. Kamalakara Rao
260 _aNew Delhi
_bCosmo
_c1983
300 _a231p.
650 _aCrime - Andhra Pradesh - India
999 _c352353
_d352353